The Book of the Twelve and the new form criticism / (Registro nro. 9410)

Detalles MARC
000 -LEADER
campo de control de longitud fija 03539cam a2200541 i 4500
003 - IDENTIFICADOR DE NÚMERO DE CONTROL
campo de control PE-LiUPU
005 - FECHA Y HORA DE LA ÚLTIMA TRANSACCIÓN
campo de control 20250731172839.0
008 - DATOS DE LONGITUD FIJA--INFORMACIÓN GENERAL
campo de control de longitud fija 150416s2015 gau b 001 0 eng
010 ## - NÚMERO DE CONTROL DE LA BIBLIOTECA DEL CONGRESO
Número de control de LC 2015014546
020 ## - NÚMERO INTERNACIONAL ESTÁNDAR DEL LIBRO
Número Internacional Estándar del Libro 1628370602
020 ## - NÚMERO INTERNACIONAL ESTÁNDAR DEL LIBRO
Número Internacional Estándar del Libro 9781628370607
035 ## - NÚMERO DE CONTROL DEL SISTEMA
Número de control de sistema (Sirsi) i9781628370607
040 ## - FUENTE DE CATALOGACIÓN
Centro catalogador/agencia de origen PE-LiUPU
Lengua de catalogación spa
Centro/agencia transcriptor PE-LiUPU
Normas de descripción rda
049 ## - FONDOS LOCALES (OCLC)
Biblioteca depositaria PRUA
082 00 - NÚMERO DE LA CLASIFICACIÓN DECIMAL DEWEY
Número de clasificación 224.90663
Cutter B7
Número de edición 23
245 04 - MENCIÓN DEL TÍTULO
Título The Book of the Twelve and the new form criticism /
Mención de responsabilidad, etc. edited by Mark J. Boda, Michael H. Floyd, and Colin M. Toffelmire.
264 #1 - PRODUCCIÓN, PUBLICACIÓN, DISTRIBUCIÓN, FABRICACIÓN Y COPYRIGHT
Producción, publicación, distribución, fabricación y copyright Atlanta :
Nombre del de productor, editor, distribuidor, fabricante SBL Press,
Fecha de producción, publicación, distribución, fabricación o copyright [2015]
300 ## - DESCRIPCIÓN FÍSICA
Extensión ix, 366 páginas ;
Dimensiones 24 centímetros.
336 ## - TIPO DE CONTENIDO
Término de tipo de contenido text
Fuente rdacontent
337 ## - TIPO DE MEDIO
Nombre/término del tipo de medio unmediated
Fuente rdamedia
338 ## - TIPO DE SOPORTE
Nombre/término del tipo de soporte volume
Fuente rdacarrier
490 1# - MENCIÓN DE SERIE
Mención de serie Ancient Near East monographs ;
Designación de volumen o secuencia number 10
504 ## - NOTA DE BIBLIOGRAFÍA, ETC.
Nota de bibliografía, etc. Bibliografía : páginas 323-346.
504 ## - NOTA DE BIBLIOGRAFÍA, ETC.
Nota de bibliografía, etc. Índice : páginas 347-366.
505 00 - NOTA DE CONTENIDO CON FORMATO
Información miscelánea Introduction / Michael H. Floyd -- New form criticism and beyond: the historicity of prophetic literature revisited / Michael H. Floyd -- "I will make her like a desert": intertextual allusion and feminine and agricultural metaphors in the Book of the Twelve / Beth M. Stovell -- Reading the "prophetic lawsuit" genre in the Persian period / James M. Trotter -- The vision report genre between form-criticism and redaction-criticism: an investigation of Amos 7-9 and Zechariah 1-6 / Lena-Sofia Tiemeyer -- Harrowing woes and comforting promises in the Book of the Twelve / Carol J. Dempsey -- Twelve (and more) anonyms: a biblical book without authors / Erhard S. Gerstenberger -- Form and eschatology in the Book of the Twelve prophets / Marvin A. Sweeney -- Where are the prophets in the Book of the Twelve? / James D. Nogalski -- A deafening call to silence: the rhetorical "end" of human address to the deity in the Book of the Twelve / Mark J. Boda -- The book of Amos as "prophetic fiction": describing the genre of a written work that reinvigorates older oral speech forms / Tim Bulkeley -- Sitz im what? Context and the prophetic book of Oadiah / Colin M. Toffelmire -- The non-Israelite nations in Zephaniah: conceptual coherence and the relationship of the parts to the whole / D.C. Timmer -- Form criticism in Haggai, Zechariah, and Malachi: from oral sayings to literature / Paul L. Redditt -- A new form-critical approach to Zechariah's crowning of the high priest Joshua and the identity of "Shoot" (Zechariah 6:9-15) / Anthony R. Petterson -- Goals and processes of the "new" form criticism / Martin J. Buss -- New form criticism and the prophetic literature: the unfinished agenda / Robert R. Wilson.
526 ## - NOTA DE INFORMACIÓN SOBRE EL PROGRAMA DE ESTUDIO
Nombre del programa Segunda Especialidad En Profecías Bíblicas
526 ## - NOTA DE INFORMACIÓN SOBRE EL PROGRAMA DE ESTUDIO
Nombre del programa Segunda Especialidad En Nuevo Testamento
526 ## - NOTA DE INFORMACIÓN SOBRE EL PROGRAMA DE ESTUDIO
Nombre del programa Segunda Especialidad En Antiguo Testamento
526 ## - NOTA DE INFORMACIÓN SOBRE EL PROGRAMA DE ESTUDIO
Nombre del programa Segunda Especialidad En Estudios Adventistas
526 ## - NOTA DE INFORMACIÓN SOBRE EL PROGRAMA DE ESTUDIO
Nombre del programa Doctorado en teología
526 ## - NOTA DE INFORMACIÓN SOBRE EL PROGRAMA DE ESTUDIO
Nombre del programa Maestría en teología histórica
526 ## - NOTA DE INFORMACIÓN SOBRE EL PROGRAMA DE ESTUDIO
Nombre del programa Maestría en teología bíblica
526 ## - NOTA DE INFORMACIÓN SOBRE EL PROGRAMA DE ESTUDIO
Nombre del programa Maestría en teología
526 ## - NOTA DE INFORMACIÓN SOBRE EL PROGRAMA DE ESTUDIO
Nombre del programa Maestría en misionología
526 ## - NOTA DE INFORMACIÓN SOBRE EL PROGRAMA DE ESTUDIO
Nombre del programa Maestría en liderazgo eclesiástico
526 ## - NOTA DE INFORMACIÓN SOBRE EL PROGRAMA DE ESTUDIO
Nombre del programa Teología
596 ## -
-- 1
630 00 - PUNTO DE ACCESO ADICIONAL DE MATERIA--TÍTULO UNIFORME
Título uniforme Biblia.
Nombre de parte o sección de la obra Profetas menores.
700 1# - ENTRADA AGREGADA--NOMBRE PERSONAL
Nombre de persona Boda, Mark J.,
Término indicativo de función/relación editor.
700 1# - ENTRADA AGREGADA--NOMBRE PERSONAL
Nombre de persona Floyd, Michael H.,
Término indicativo de función/relación editor.
700 1# - ENTRADA AGREGADA--NOMBRE PERSONAL
Nombre de persona Toffelmire, Colin M.,
Término indicativo de función/relación editor.
910 ## - DATOS DE OPCIÓN DEL USUARIO (OCLC)
Datos de opción del usuario jck
-- ebj
-- ebj
-- 20160519
942 ## - ELEMENTOS DE ENTRADA SECUNDARIOS (KOHA)
Fuente del sistema de clasificación o colocación Clasificación Decimal Dewey
Tipo de ítem Koha
949 ## - PROCESAMIENTO DE INFORMACIÓN LOCAL (OCLC)
a 224.90663 B7
w DEWEY
c 1
i 72866
l CCODEBUL1
m BUL
p 30.00
r 0
s Y
t BOOK
u 2016-4-13
x TEOLOGIA
-- P35
0 COMPRA
o .STAFF. Colección Teología
994 ## -
-- C0
-- PEPRU
999 ## - NÚMEROS DE CONTROL DE SISTEMA (KOHA)
-- DEWEY
-- 72866
-- 2017-5-2
-- 2021-11-9
-- 5
-- CCODEBUL1
-- BUL
-- 1
-- 30.00
-- 2
-- 0
-- Y
-- BOOK
-- 2016-4-13
-- TEOLOGIA
-- P35
-- COMPRA
-- .STAFF. Colección Teología
980 ## - EQUIVALENCIA O REFERENCIA-CRUZADA-MENCIÓN DE SERIE--NOMBRE DE PERSONA/TÍTULO [LOCAL, CANADÁ]
ID del último usuario que modificó el registro 1
Nombre del último usuario que modificó el registro ALBERTO SANCHEZ Responsable de Automatización
Existencias
Visto por última vez Número de inventario Total de préstamos Signatura topográfica completa Código de barras Fecha del último préstamo Copia número Coste, precio de reemplazo Fecha de reemplazo Facultad Tipo de ítem Koha Nota pública Estado de pérdida Fuente del sistema de clasificación o colocación Restricciones de uso No para préstamo Colección Programa académico Biblioteca de origen Biblioteca actual Ubicación en estantería Fecha de adquisición Fuente de adquisición Coste, precio normal de compra
2025-12-02 6 1 224.90663 B7 72866 2017-05-02 e1 35.00 2016-04-13   Libros físicos inventario-2023-12-13 No Perdido Clasificación Decimal Dewey No restringido Disponible para préstamos Colección General Teología Biblioteca CRAI UPeU Lima Biblioteca CRAI UPeU Lima Sala principal 2016-04-13 COMPRA 30.00